| 000 | 01582nam a22002657a 4500 | ||
|---|---|---|---|
| 005 | 20240604130116.0 | ||
| 008 | 240604s1939 ck||||fr|||| 00| 0 spa d | ||
| 040 |
_cSandra Yazo _dSandra Yazo |
||
| 082 | 0 | 4 |
_220 _a986.57 |
| 092 | _aE53N068 | ||
| 100 | 1 |
_aGarcía Borrero, Joaquín _d1894-1948 _9181117 |
|
| 245 | 1 | 0 |
_aNeiva en el siglo XVII _cJoaquín García Borrero. |
| 260 |
_aBogotá (Colombia) _bEditorial ABC _c1939 |
||
| 300 |
_a191 páginas _c25 x 18 cm |
||
| 490 | 0 |
_a Biblioteca de historia nacional _x6 |
|
| 500 | _aPublicación de la Academia Colombiana de Historia como homenaje a la ciudad de Neiva en el IV centenario de su fundación. | ||
| 500 | _aDetalles físicos: Encuadernación rústica en cartulina con textura. Lomo y tapas impresos con datos de la obra. Tapa delantera impresa a dos tintas. Hoja de cortesía. Anteportada. Portada impresa en una sola tinta; grabado con emblema de la Academia Colombiana de Historia. Dedicatoria. Texto impreso en una sola columna, con diferentes tipos y tamaños de letra. Márgenes amplios. Índice final. Ejemplar con páginas sin refilar. Tapas sucias, dobladas y deterioradas en bordes. Hoja de portada y dedicatoria, pegadas. Papel con oxidación | ||
| 505 | 2 | _aCapítulos I al XXV | |
| 506 | _aConsulta en sala | ||
| 520 | _aHistoria de la ciudad de Neiva de 1627 a 1697 | ||
| 651 | 0 | 4 |
_9105116 _aNeiva (Huila, Colombia) _xHistoria _y1627 - 1697 |
| 651 | 0 | 4 |
_aNeiva (Huila, Colombia) _xFundación de ciudades _9181118 |
| 690 |
_aHistoria de Colombia _926508 |
||
| 942 |
_2LOCAL _cLIBRO _e1 _hE53N068 |
||
| 999 |
_c324285 _d324285 |
||